| 000 | 00823cam a2200169 a 4500 | ||
|---|---|---|---|
| 999 |
_c4855 _d4855 |
||
| 020 | _a65018623 | ||
| 050 | 0 |
_aHF5548.8 _b.S35 |
|
| 100 | 1 | _aSchein, Edgar H. | |
| 245 | 1 | 0 |
_aOrganizational psychology / _cEdgar H. Schein. |
| 260 |
_aEnglewood Cliffs, N.J. : _bPrentice-Hall, _c1965. |
||
| 300 | _axi, 114 p. | ||
| 500 | _aIncludes index | ||
| 505 | _a1. The field of organizational psychology 1 2. Psychological problems in organizations 6 3. Recruitment, Selection, Training, and Allocation 18 4. Organizational man and the progress of management 43 5. Groups and inter group relationships 66 6. The organization as a complex system 88 7. Organizational effectiveness 96 Selected readings 107 Index 109 | ||
| 650 | 0 | _aPsychology, Industrial. | |
| 650 | 0 | _aIndustrial sociology. | |
| 942 | _cBK | ||